000 00250nam a2200109Ia 4500
008 200302s9999 xx 000 0 und d
100 _aPeter Eisenman
245 _aDiagram Diaries
260 _bUniverse Publishing
260 _c1999
300 _a240 p.,
999 _c1978
_d1978